LEADER 00990nam a2200253 u 4500 001 000000084196 003 CaOOAMICUS 005 20070226124043.0 008 050615s1920 it u000 u ita u 035 $a11050603 040 $aPUL(R)$bita 100 1 $aVillari, Pasquale,$d1827-1917.$0(OLS)http://pul/name/4629 245 13$aLe invasioni barbariche in Italia /$cdi Pasquale Villari. 250 $a3. ed. 260 $aMilano :$bU. Hoepli,$c1920. 300 $axv, 490 p. ;$c19 cm 500 $aInclude indice. 650 4$aInvasioni barbariche$zItalia.$0(OLS)http://pul/subject/3821 651 4$aItalia$xStoria$ySec. IV-V.$0(OLS)http://pul/subject/3822 850 $aPUL 852 $aPUL$W1$xDP1 Fondo Cecchetti$y53$m269 H 20$j107122$nBK-PRI$b $qFondi$B107122$CPULBib$Z2$F107122 $HPUL2906 $81 941 1 $a1 996 $6245$aLe invasioni barbariche in Italia$9(OLS)http://pul/title/6460 996 $6260$aMilano :$bU. Hoepli$9(OLS)http://pul/publisher/48973 LEADER 01439nam a2200325 u 4500 001 000000062853 003 CaOOAMICUS 005 20240528104136.0 008 011011s1974 it u000 u ita u 032 $aLibriCat 035 $a10906078 040 $aPUL(R)$bita 100 0 $aIohannes Chrysostomus,$cO.S.B.,$d1915-1981.$0(OLS)http://pul/name/36745 245 13$aLa storia della Chiesa russa nei primi anni della rivoluzione /$cJohannes Chrisostomus. 260 $aMilano :$bCentro studi Russia Cristiana,$cc1974. 300 $a354 p. ;$c23 cm 490 1 $aArchivi per la Russia e per l'Europa orientale ;$v7 504 $aBibliografia in nota. 650 4$aChiesa russo-ortodossa.$0(OLS)http://pul/subject/5702 651 4$aRussia$xReligione.$0(OLS)http://pul/subject/755 830 0$aArchivi per la Russia e per l'Europa orientale ;$v7.$0(OLS)http://pul/title/48335 850 $aPUL 852 $aPUL$W1$xDP2 Religione 1$y63$m69 F 40$j81640$nBK-PRI$qStampati$B81640$CPULBib$Z2$F81640 $82 852 $aPUL$W1$xDP1 Fondo G. Barberini$y122$m9 A 90$j163574$qFondi$B180993$CPULBib$Z2$F180993 $HBar159 $81 941 1 $a1 941 1 $a8 961 $aINV: 42607 996 $6245$aLa storia della Chiesa russa nei primi anni della rivoluzione$9(OLS)http://pul/title/83836 996 $6260$aMilano :$bCentro studi Russia Cristiana$9(OLS)http://pul/publisher/64441